[Event "Open Est 2015-2016"]
[Site "Aubagne"]
[Date "2015.12.12"]
[Round "5.30"]
[White "Sannejan, Thomas"]
[Black "Frontera, Pierre"]
[Result "0-1"]
[WhiteElo "1050"]
[BlackElo "1285"]
[PlyCount "50"]
[EventDate "2015.10.10"]
[WhiteTeam "Cercle d'Echecs Aubagnais"]
[BlackTeam "Cercle d'Echecs Aubagnais"]

1. d3 e5 2. Nf3 Nc6 3. e4 b6 4. Nc3 Bb4 5. Bd2 Nf6 6. Be2 O-O 7. O-O Bb7 8. a3
Bxc3 9. Bxc3 d6 10. d4 exd4 11. Nxd4 Nxd4 12. Bxd4 Nxe4 13. Bf3 c5 14. Be3 d5
15. c4 d4 16. Bf4 Qf6 17. g3 Rfe8 18. Re1 Re7 19. b4 Nc3 20. Qc1 Bxf3 21. Qd2
Rae8 22. Kf1 h6 23. Rac1 Qc6 24. Ra1 Bg2+ 25. Kg1 Ne2+ 0-1

[Event "Open Est 2015-2016"]
[Site "Aubagne"]
[Date "2015.12.12"]
[Round "5.31"]
[White "Auguste, Yvan"]
[Black "Rando, Mathias"]
[Result "1-0"]
[WhiteElo "1010"]
[BlackElo "1220"]
[PlyCount "54"]
[EventDate "2015.10.10"]
[WhiteTeam "Cercle d'Echecs Aubagnais"]
[BlackTeam "Club Provence Echecs"]

1. e4 e5 2. Nf3 Nc6 3. Nc3 Nf6 4. Bc4 d6 5. Ng5 Be6 6. Nxe6 fxe6 7. Bxe6 Qe7 8.
Bc4 O-O-O 9. Kf1 d5 10. exd5 Qd6 11. Qf3 Nd4 12. Qd3 Be7 13. f3 e4 14. fxe4
Nxe4 15. Nxe4 Rhf8+ 16. Ke1 Bh4+ 17. g3 Nf3+ 18. Ke2 Qe5 19. gxh4 c6 20. d6
Rxd6 21. Qxd6 Qxe4+ 22. Kf2 Nxh2+ 23. Qxf8+ Kc7 24. Qxg7+ Kc8 25. Be6+ Kd8 26.
Rxh2 Qd4+ 27. Ke2 Qe4+ 1-0

[Event "Open Est 2015-2016"]
[Site "Aubagne"]
[Date "2015.12.12"]
[Round "5.32"]
[White "Periale, Francine"]
[Black "Timoner, Genevieve"]
[Result "0-1"]
[WhiteElo "1215"]
[BlackElo "1050"]
[PlyCount "76"]
[EventDate "2015.10.10"]
[WhiteTeam "Cercle d'Echecs Aubagnais"]
[BlackTeam "Club d'Echecs Pennois (CEP)"]

1. d4 f5 2. c4 Nf6 3. Nc3 e6 4. f4 d5 5. e3 c6 6. Bd3 Bd6 7. Nge2 O-O 8. Qc2
Bd7 9. g3 Be8 10. Bd2 Bh5 11. Ng1 b6 12. Nh3 h6 13. c5 Bc7 14. b4 Nbd7 15. Nf2
Qe7 16. a3 g5 17. cxb6 axb6 18. h4 Bf3 19. Rg1 g4 20. Qb2 Kf7 21. b5 c5 22. a4
Ne4 23. Bc1 Qf6 24. dxc5 Ndxc5 25. Qc2 d4 26. exd4 Qxd4 27. Rf1 Nxf2 28. Ra3
Nxa4 29. Rxf2 Nxc3 30. Rb3 Ra4 31. Bd2 Ra2 32. Qc1 Rfa8 33. Bxc3 Qxc3+ 34. Qxc3
Ra1+ 35. Qxa1 Rxa1+ 36. Kd2 Bd6 37. Ke3 Ra2 38. h5 Bc5# 0-1

[Event "Open Est 2015-2016"]
[Site "Aubagne"]
[Date "2015.12.12"]
[Round "5.33"]
[White "Evanno, Georges"]
[Black "Gianfranceschi, Gerard"]
[Result "1-0"]
[WhiteElo "1200"]
[BlackElo "1040"]
[PlyCount "31"]
[EventDate "2015.10.10"]
[WhiteTeam "Cercle d'Echecs Aubagnais"]
[BlackTeam "Cercle d'Echecs Aubagnais"]

1. e4 e5 2. Bc4 d6 3. c3 c5 4. d3 Nf6 5. Bg5 Be7 6. Nd2 O-O 7. Ngf3 Be6 8. Qb3
d5 9. Bxf6 gxf6 10. exd5 Bxd5 11. Bxd5 Nd7 12. Qc4 Nb6 13. Qg4+ Kh8 14. Be4 c4
15. Qh3 cxd3 16. Qxh7# 1-0

[Event "Open Est 2015-2016"]
[Site "Aubagne"]
[Date "2015.12.12"]
[Round "5.34"]
[White "Garbe, Georges"]
[Black "Yahia Amar, Pierre"]
[Result "0-1"]
[WhiteElo "1190"]
[BlackElo "1040"]
[PlyCount "56"]
[EventDate "2015.10.10"]
[WhiteTeam "Cercle d'Echecs Aubagnais"]
[BlackTeam "L'Echiquier du Roy René"]

1. c4 e5 2. Nc3 Bc5 3. d3 f5 4. Nf3 d6 5. g3 Nf6 6. Bg2 Nc6 7. O-O Be6 8. a3
Qe7 9. Ne1 e4 10. dxe4 fxe4 11. Nxe4 d5 12. Nxc5 dxc4 13. Ne4 Rd8 14. Nxf6+
gxf6 15. Qc2 Nd4 16. Qa4+ Kf7 17. Bxb7 Bd5 18. Qd1 Bxb7 19. e3 Qe4 20. f3 Qe5
21. exd4 Rxd4 22. Qc2 Rhd8 23. f4 Qd5 24. Qg2 Re4 25. Nf3 Rde8 26. Qd2 Qc6 27.
Qf2 Re2 28. Nd4 Qh1# 0-1

[Event "Open Est 2015-2016"]
[Site "Aubagne"]
[Date "2015.12.12"]
[Round "5.35"]
[White "Catanese, Sauveur"]
[Black "Sid, Alexander"]
[Result "1-0"]
[WhiteElo "1140"]
[BlackElo "1020"]
[PlyCount "69"]
[EventDate "2015.10.10"]
[WhiteTeam "Cercle d'Echecs Aubagnais"]
[BlackTeam "Club Provence Echecs"]

1. d4 d5 2. c4 c6 3. Nc3 Nf6 4. Nf3 Bd7 5. e3 e6 6. Be2 Be7 7. O-O O-O 8. Re1
Qc7 9. Bf1 Na6 10. a3 Bd6 11. g3 Ng4 12. h3 Nh6 13. e4 dxe4 14. Nxe4 Nf5 15.
Nxd6 Qxd6 16. Bf4 Qe7 17. Bd3 g6 18. c5 Ng7 19. Bd6 Qf6 20. Bxf8 Rxf8 21. Qd2
Qxf3 22. Re3 Qf6 23. Qe2 Re8 24. Bxa6 bxa6 25. Qxa6 Qxd4 26. Rb1 Qxc5 27. Rc3
Qd5 28. Rd3 Bc8 29. Rxd5 Bxa6 30. Rd7 Bc8 31. Rxa7 Rd8 32. Rc7 Bd7 33. Rd1 Ne8
34. Rdxd7 Rxd7 35. Rxd7 1-0

[Event "Open Est 2015-2016"]
[Site "Aubagne"]
[Date "2015.12.12"]
[Round "5.36"]
[White "Lognos, Lina"]
[Black "Pentcheff, Julie"]
[Result "1-0"]
[WhiteElo "1065"]
[BlackElo "1010"]
[PlyCount "57"]
[EventDate "2015.10.10"]
[WhiteTeam "Cercle d'Echecs Aubagnais"]
[BlackTeam "Cassis Echecs"]

1. c4 e5 2. Nc3 d6 3. g3 Nc6 4. Bg2 Be6 5. d3 Nf6 6. Nf3 d5 7. O-O Bb4 8. Bd2
Bxc3 9. Bxc3 Bf5 10. Nxe5 Nxe5 11. Bxe5 Nd7 12. Bxg7 Rg8 13. Bc3 Rg6 14. cxd5
Qg5 15. Bd2 Qh5 16. Rc1 O-O-O 17. Qc2 Kb8 18. Qxc7+ Ka8 19. Qxd8+ Nb8 20. d6
Bg4 21. Rc4 Be6 22. Rc5 Qxc5 23. b3 Qh5 24. Be4 Bf5 25. Bxf5 Rf6 26. Qxf6 Nc6
27. d7 h6 28. d8=Q+ Nxd8 29. Qxd8# 1-0

[Event "Open Est 2015-2016"]
[Site "Aubagne"]
[Date "2015.12.12"]
[Round "5.37"]
[White "Mauger, Renaud"]
[Black "Naam, Shedy"]
[Result "1-0"]
[WhiteElo "1399"]
[BlackElo "1009"]
[PlyCount "57"]
[EventDate "2015.10.10"]
[WhiteTeam "Cercle d'Echecs Aubagnais"]
[BlackTeam "Cassis Echecs"]

1. e4 e5 2. Nf3 Nc6 3. Bc4 Nf6 4. d3 Bb4+ 5. c3 d6 6. cxb4 Bg4 7. Nc3 Nh5 8.
O-O Nxb4 9. Re1 Nf4 10. Nd5 Nbxd5 11. exd5 a6 12. a4 Qe7 13. Bxf4 Qd8 14. Bg3
O-O 15. h3 Bf5 16. Rc1 Re8 17. d4 e4 18. Nh4 Bd7 19. Qb3 c6 20. dxc6 Bxc6 21.
Bxf7+ Kf8 22. Nf5 Rb8 23. Bxd6+ Qxd6 24. Nxd6 Red8 25. Qb4 b5 26. Ne8+ Kxf7 27.
Rxc6 Kxe8 28. Rxe4+ Kd7 29. Qd6# 1-0

[Event "Open Est 2015-2016"]
[Site "Aubagne"]
[Date "2015.12.12"]
[Round "5.38"]
[White "Belaid, Myriam"]
[Black "Bonino, Cesar"]
[Result "1-0"]
[WhiteElo "1399"]
[BlackElo "1009"]
[PlyCount "81"]
[EventDate "2015.10.10"]
[WhiteTeam "Club Provence Echecs"]
[BlackTeam "Cassis Echecs"]

1. e4 e5 2. Nf3 Bc5 3. Bc4 Nf6 4. d3 O-O 5. O-O Nc6 6. Bd2 d6 7. c3 Bd7 8. h3
Kh8 9. Bg5 Ng8 10. Bxd8 Rfxd8 11. Re1 Nce7 12. Nbd2 Nf6 13. b4 Bb6 14. a4 Nh5
15. a5 Bxf2+ 16. Kxf2 Nc8 17. Ng5 Kg8 18. Nxf7 Re8 19. Ng5+ Kh8 20. Nf7+ Kg8
21. Qxh5 Ne7 22. Re3 c6 23. Nf3 Rec8 24. N3g5 a6 25. Rf3 Ra7 26. Nh6+ Kh8 27.
Nxh7 Raa8 28. Rf7 Re8 29. Nf5 c5 30. Qg5 Ba4 31. Rxa4 Nxf5 32. exf5 Kxh7 33.
Ra2 Rf8 34. Rxg7+ Kh8 35. Qh5+ Kxg7 36. Re2 Rfd8 37. Re3 d5 38. Rg3+ Kf8 39.
Bb3 b5 40. Qh7 Ke8 41. Rg8# 1-0

[Event "Open Est 2015-2016"]
[Site "Aubagne"]
[Date "2015.12.12"]
[Round "5.39"]
[White "Maumi, Helio"]
[Black "Soulet, Kylian"]
[Result "1-0"]
[WhiteElo "1170"]
[BlackElo "1009"]
[PlyCount "39"]
[EventDate "2015.10.10"]
[WhiteTeam "Marseille Passion Echecs"]
[BlackTeam "Cassis Echecs"]

1. e4 e5 2. Nf3 Nc6 3. Bc4 Nf6 4. d3 Bb4+ 5. c3 Bc5 6. b4 Bd6 7. Ng5 O-O 8. Nf3
b6 9. Bg5 h6 10. Bh4 Re8 11. Bd5 g5 12. Bxc6 dxc6 13. Bg3 h5 14. Nxg5 h4 15.
Bxh4 Ng4 16. Qf3 Rf8 17. h3 Nh6 18. Qh5 f6 19. Qg6+ Kh8 20. Qh7# 1-0

[Event "Open Est 2015-2016"]
[Site "Aubagne"]
[Date "2015.12.12"]
[Round "5.40"]
[White "Tramarin, Mattteo"]
[Black "Yahia-Amar, Hocine"]
[Result "0-1"]
[WhiteElo "1099"]
[BlackElo "1120"]
[PlyCount "76"]
[EventDate "2015.10.10"]
[WhiteTeam "Cercle d'Echecs Aubagnais"]
[BlackTeam "L'Echiquier du Roy René"]

1. e4 e5 2. Nf3 Nc6 3. Nc3 b6 4. d4 d6 5. Bb5 Nge7 6. d5 Bb7 7. Bg5 f6 8. Qd2
fxg5 9. Qxg5 a6 10. dxc6 h6 11. Qh5+ g6 12. cxb7+ axb5 13. Qh4 Ra5 14. Qf6 Rh7
15. Nd5 Qb8 16. Nxe7 Rxe7 17. b4 Ra7 18. Qxg6+ Kd7 19. Qg8 Rxb7 20. Qd5 c6 21.
Nxe5+ Rxe5 22. Qf7+ Be7 23. O-O Qf8 24. f4 Qxf7 25. fxe5 Qg6 26. Rfe1 dxe5 27.
Rad1+ Bd6 28. Rd3 Qg4 29. Rg3 Qf4 30. Rg7+ Kc8 31. Rg6 Rd7 32. Rg8+ Kc7 33. g3
Qd2 34. Kf1 Bxb4 35. Rb1 c5 36. Re8 Qxc2 37. Re1 Bxe1 38. Rxe5 Qf2# 0-1

[Event "Open Est 2015-2016"]
[Site "Aubagne"]
[Date "2015.01.16"]
[Round "6.1"]
[White "Panagiotopoulos, Christos"]
[Black "Telouk, Olivier"]
[Result "0-1"]
[WhiteElo "1770"]
[BlackElo "1774"]
[PlyCount "79"]
[EventDate "2015.10.10"]
[WhiteTeam "Le Gambit Marseillais"]
[BlackTeam "Cassis Echecs"]

1. e4 c5 2. Nc3 Nc6 3. f4 g6 4. Nf3 Bg7 5. Bb5 Nd4 6. O-O Nxb5 7. Nxb5 a6 8.
Nc3 e6 9. d3 Ne7 10. Qe1 O-O 11. Kh1 d5 12. e5 b5 13. g4 b4 14. Ne2 Nc6 15. d4
c4 16. Be3 a5 17. Kg2 Bd7 18. Bf2 f5 19. gxf5 Rxf5 20. Bh4 Qb6 21. c3 bxc3 22.
bxc3 Qb2 23. Qd2 Rb8 24. Rfd1 Rff8 25. Rac1 a4 26. Rc2 Qb5 27. a3 Qb3 28. Ra1
Rb7 29. Nc1 Qb6 30. Na2 Na5 31. Nb4 Nb3 32. Qd1 Nxa1 33. Qxa1 Rf7 34. Qd1 Rf5
35. Be7 Be8 36. Bf6 Bxf6 37. exf6 Qd8 38. Ne5 Qxf6 39. Qf3 Rg5+ 40. Kh1 0-1

[Event "Open Est 2015-2016"]
[Site "Aubagne"]
[Date "2015.01.16"]
[Round "6.2"]
[White "Benezra, Esther"]
[Black "Ghazarian, David"]
[Result "0-1"]
[WhiteElo "1761"]
[BlackElo "1478"]
[PlyCount "29"]
[EventDate "2015.10.10"]
[WhiteTeam "L'Echiquier du Roy René"]
[BlackTeam "Marseille Echecs"]

1. e4 e5 2. Nf3 Nc6 3. Bc4 Bc5 4. b4 Bxb4 5. c3 Be7 6. Qb3 d5 7. Bxd5 Be6 8.
Bxe6 fxe6 9. Qxb7 Nb4 10. cxb4 Rb8 11. Qc6+ Kf8 12. Qxe6 Rxb4 13. Nc3 Nf6 14.
Nxe5 Qe8 15. Ba3 0-1

[Event "Open Est 2015-2016"]
[Site "Aubagne"]
[Date "2015.01.16"]
[Round "6.3"]
[White "Aghababian, Arthur"]
[Black "Bohli, Adam"]
[Result "0-1"]
[WhiteElo "1390"]
[BlackElo "1640"]
[PlyCount "91"]
[EventDate "2015.10.10"]
[WhiteTeam "Sanary Echecs"]
[BlackTeam "Marseille Echecs"]

1. d4 Nf6 2. c4 c5 3. Nf3 g6 4. Nc3 Bg7 5. e4 cxd4 6. Nxd4 d6 7. Be2 Nc6 8. O-O
Qb6 9. Nxc6 bxc6 10. Rb1 O-O 11. Be3 Qc7 12. Qd3 Ng4 13. Bf4 Ne5 14. Be3 c5 15.
Nd5 Qd8 16. Qd2 Nc6 17. Bh6 e6 18. Bxg7 Kxg7 19. Nc3 Nd4 20. Bd1 Ba6 21. b3 Qh4
22. Qe3 f5 23. f4 fxe4 24. Qxe4 Rab8 25. Rb2 Bxc4 26. Rff2 Ba6 27. Qe3 Nf5 28.
Qd2 Rb4 29. Ne2 Nd4 30. Nxd4 Rxd4 31. Qe1 Rdxf4 32. g3 Rxf2 33. Rxf2 Qd4 34.
Kg2 Bb7+ 35. Bf3 Bxf3+ 36. Rxf3 Qb2+ 37. Rf2 Rxf2+ 38. Qxf2 Qxf2+ 39. Kxf2 a5
40. Ke3 d5 41. h4 e5 42. g4 Kf6 43. a3 h5 44. Kd3 e4+ 45. Ke3 Ke5 46. a4 0-1

[Event "Open Est 2015-2016"]
[Site "Aubagne"]
[Date "2015.01.16"]
[Round "6.4"]
[White "Cotton, Paul"]
[Black "Gamblin, Antoine"]
[Result "0-1"]
[WhiteElo "1484"]
[BlackElo "1611"]
[PlyCount "82"]
[EventDate "2015.10.10"]
[WhiteTeam "Cercle d'Echecs Aubagnais"]
[BlackTeam "Marseille Echecs"]

1. Nf3 Nf6 2. g3 g6 3. d3 Bg7 4. Bg2 O-O 5. Nbd2 d6 6. Rb1 c5 7. c4 Nc6 8. O-O
Qc7 9. a3 a5 10. b3 Rb8 11. Bb2 h6 12. Ne4 Nxe4 13. Bxg7 Nxf2 14. Rxf2 Kxg7 15.
Qd2 Be6 16. h3 b5 17. Qc2 Rb7 18. Kh2 Rfb8 19. Rff1 bxc4 20. bxc4 Rxb1 21. Rxb1
Rxb1 22. Qxb1 Qb8 23. Qxb8 Nxb8 24. Nd2 Bd7 25. Ne4 Nc6 26. Nc3 Nd4 27. e3 Nc2
28. a4 Nxe3 29. Bf3 Nc2 30. Nd5 Ne1 31. Be2 Bxa4 32. Nxe7 Bc2 33. Nc6 a4 34. d4
a3 35. dxc5 dxc5 36. Nb4 cxb4 37. c5 a2 38. c6 a1=Q 39. Bc4 Qd4 40. Bb5 Qf2+
41. Kh1 Be4# 0-1

[Event "Open Est 2015-2016"]
[Site "Aubagne"]
[Date "2015.01.16"]
[Round "6.5"]
[White "Cavanihac, Claude"]
[Black "Reynaud, Jacques"]
[Result "1-0"]
[WhiteElo "1528"]
[BlackElo "1381"]
[PlyCount "47"]
[EventDate "2015.10.10"]
[WhiteTeam "Cercle d'Echecs Aubagnais"]
[BlackTeam "Cercle d'Echecs Aubagnais"]

1. e4 d6 2. d4 Nf6 3. Bd3 Nc6 4. c3 Bg4 5. f3 Bd7 6. Ne2 e5 7. d5 Ne7 8. Qb3
Rb8 9. Be3 a6 10. Nd2 c5 11. dxc6 Nxc6 12. Bb6 Qc8 13. Bc4 Be6 14. Bd5 Be7 15.
c4 O-O 16. Rc1 Bd8 17. O-O Qd7 18. f4 Bg4 19. Ng3 Bxb6+ 20. Qxb6 Rfc8 21. fxe5
Nxd5 22. exd5 Nxe5 23. Qd4 g6 24. Nge4 1-0

[Event "Open Est 2015-2016"]
[Site "Aubagne"]
[Date "2015.01.16"]
[Round "6.6"]
[White "Foresti, Stephane"]
[Black "Auroux, William"]
[Result "0-1"]
[WhiteElo "1284"]
[BlackElo "1381"]
[PlyCount "82"]
[EventDate "2015.10.10"]
[WhiteTeam "Sanary Echecs"]
[BlackTeam "Club Provence Echecs"]

1. d4 Nf6 2. c4 g6 3. Nc3 Bg7 4. e4 d6 5. f3 O-O 6. Be3 Nbd7 7. Qd2 Re8 8.
O-O-O e5 9. Nge2 exd4 10. Bxd4 Ne5 11. b3 a6 12. g4 Nxf3 13. Qf4 Nxd4 14. Nxd4
Nxg4 15. Qg3 Qg5+ 16. Kb1 Qe3 17. Qxe3 Nxe3 18. Rd3 Nxf1 19. Rxf1 Be6 20. Nxe6
Rxe6 21. Re1 Bxc3 22. Rxc3 Rae8 23. Rce3 f5 24. Kc2 Rxe4 25. Rxe4 fxe4 26. Rf1
e3 27. Kd3 e2 28. Re1 Kf7 29. Rxe2 Rxe2 30. Kxe2 Ke6 31. Kf3 Kf5 32. h3 g5 33.
a3 h5 34. b4 g4+ 35. hxg4+ hxg4+ 36. Kg3 Ke4 37. Kxg4 Kd4 38. c5 dxc5 39. bxc5
Kxc5 40. Kf5 Kb5 41. Ke6 Ka4 0-1

[Event "Open Est 2015-2016"]
[Site "Aubagne"]
[Date "2015.01.16"]
[Round "6.7"]
[White "Hunault, Francis"]
[Black "Moerenhout, Jean Claude"]
[Result "1-0"]
[WhiteElo "1386"]
[BlackElo "1305"]
[PlyCount "51"]
[EventDate "2015.10.10"]
[WhiteTeam "Cercle d'Echecs Aubagnais"]
[BlackTeam "Cercle d'Echecs Aubagnais"]

1. e4 e5 2. Nf3 Nc6 3. Bc4 Nd4 4. Nxd4 exd4 5. d3 d6 6. Nd2 b6 7. Nf3 Bb7 8.
Nxd4 Nf6 9. O-O g6 10. Bg5 Bg7 11. Bb5+ Kf8 12. c3 a6 13. Ba4 b5 14. Bc2 h5 15.
f4 c5 16. Ne2 Qb6 17. f5 Kg8 18. fxg6 Ng4 19. gxf7+ Kf8 20. Nf4 d5 21. exd5
Kxf7 22. Nxh5+ Nf6 23. Nxf6 Qc7 24. h4 a5 25. Qe2 Ra6 26. Ne8+ 1-0

[Event "Open Est 2015-2016"]
[Site "Aubagne"]
[Date "2015.01.16"]
[Round "6.8"]
[White "Sage, Jean-Claude"]
[Black "Favarel-Lubeigt, Helina"]
[Result "1/2-1/2"]
[WhiteElo "1574"]
[BlackElo "1243"]
[PlyCount "142"]
[EventDate "2015.10.10"]
[WhiteTeam "Echiquier Marseillais 1872"]
[BlackTeam "L'Echiquier du Roy René"]

1. b3 d5 2. Bb2 Bf5 3. e3 e6 4. Nf3 Nf6 5. h3 Bd6 6. Nc3 c5 7. Bb5+ Nbd7 8. Nh4
Bg6 9. Nxg6 hxg6 10. Be2 Qc7 11. Nb5 Qb6 12. Nxd6+ Qxd6 13. a4 b6 14. Ba3 Qe5
15. f4 Qc7 16. Bb2 Qd8 17. d3 Qb8 18. O-O O-O 19. Bf3 Qd8 20. e4 Rc8 21. e5 Ne8
22. Ba3 Nc7 23. d4 Qh4 24. Qd2 Rfd8 25. Rae1 Na6 26. c3 Nab8 27. Be2 Rc7 28. c4
Nf8 29. Rd1 dxc4 30. Bxc4 Rxd4 31. Qe3 Qd8 32. Rxd4 Qxd4 33. Qxd4 cxd4 34. Rd1
Rd7 35. Bd6 Rd8 36. Rxd4 Nc6 37. Rd3 Nd7 38. Bb5 Nc5 39. Rc3 Nd4 40. Bxc5 Nxb5
41. axb5 bxc5 42. Rxc5 Rd3 43. b6 axb6 44. Rb5 Rd4 45. g3 Rd3 46. Kg2 Rd2+ 47.
Kf3 Rd3+ 48. Kg4 f5+ 49. exf6 gxf6 50. h4 Rd6 51. h5 gxh5+ 52. Kxh5 Rd5+ 53.
Rxd5 exd5 54. Kg4 Kf7 55. f5 Ke7 56. Kf3 Kd6 57. b4 Ke5 58. g4 b5 59. Ke3 d4+
60. Kd3 Kf4 61. Kxd4 Kxg4 62. Kc5 Kxf5 63. Kxb5 Kg5 64. Kc6 f5 65. b5 f4 66. b6
f3 67. b7 f2 68. b8=Q f1=Q 69. Qg8+ Kh4 70. Qh7+ Kg5 71. Qg8+ Kh4 1/2-1/2

[Event "Open Est 2015-2016"]
[Site "Aubagne"]
[Date "2015.01.16"]
[Round "6.9"]
[White "Konate, Salma"]
[Black "Zajaczkowski, Danielle"]
[Result "0-1"]
[WhiteElo "1508"]
[BlackElo "1324"]
[PlyCount "132"]
[EventDate "2015.10.10"]
[WhiteTeam "Marseille Passion Echecs"]
[BlackTeam "ASPTT Marseille"]

1. e4 e5 2. Nf3 d6 3. Bc4 Be7 4. O-O Nf6 5. Nc3 O-O 6. h3 Nbd7 7. d4 exd4 8.
Nxd4 Nc5 9. Re1 Be6 10. Nxe6 Nxe6 11. f4 Nd7 12. f5 Nec5 13. b4 Ne5 14. Bd5 c6
15. bxc5 cxd5 16. Qxd5 Qc7 17. Be3 dxc5 18. Bf4 Bf6 19. Re3 Rad8 20. Qb3 b6 21.
Nd5 Qd6 22. Rg3 Rfe8 23. Nxf6+ Qxf6 24. Bg5 Nf3+ 25. gxf3 Qxa1+ 26. Kg2 Rd1 27.
Be3 Qe5 28. Qa4 Qb8 29. Bf4 Qa8 30. Bh6 g6 31. Qc4 Rd4 32. Qb3 Qc6 33. h4 c4
34. Qc3 Red8 35. Bf4 Qe8 36. Be3 R4d6 37. Qxc4 Qc6 38. Qb3 Rc8 39. Kh3 Qc3 40.
Bf4 Rdc6 41. h5 Qxb3 42. cxb3 b5 43. hxg6 hxg6 44. fxg6 Rxg6 45. Rxg6+ fxg6 46.
Kg4 Kf7 47. a4 bxa4 48. bxa4 Rc6 49. a5 a6 50. Bd2 Rc2 51. Be3 Ra2 52. Bb6 Rg2+
53. Kf4 Ke6 54. Ke3 Rg5 55. f4 Rh5 56. Kf3 Rb5 57. Kg4 Kf6 58. e5+ Kf7 59. Kf3
Ke6 60. Kg4 Rb2 61. Kf3 Kf5 62. Ke3 Rb4 63. Bc7 Rxf4 64. e6 Re4+ 65. Kd3 Rxe6
66. Kc4 Rc6+ 0-1

[Event "Open Est 2015-2016"]
[Site "Aubagne"]
[Date "2015.01.16"]
[Round "6.10"]
[White "Vicari-Vento, Salvatore"]
[Black "Benezra, Ruthy"]
[Result "1/2-1/2"]
[WhiteElo "1494"]
[BlackElo "1402"]
[PlyCount "72"]
[EventDate "2015.10.10"]
[WhiteTeam "Cercle d'Echecs Aubagnais"]
[BlackTeam "L'Echiquier du Roy René"]

1. e4 c5 2. Nf3 Nc6 3. d4 cxd4 4. Nxd4 Nf6 5. Nc3 e5 6. Nb3 Bb4 7. Bg5 Bxc3+ 8.
bxc3 h6 9. Bxf6 Qxf6 10. Be2 O-O 11. O-O d6 12. Nd2 Rd8 13. Bf3 Be6 14. Qe2 d5
15. exd5 Bxd5 16. Bxd5 Rxd5 17. Ne4 Qe6 18. a3 Rad8 19. Rfb1 R8d7 20. h3 f5 21.
Ng3 Rd2 22. Qf3 Rxc2 23. Qxf5 Qxf5 24. Nxf5 Rxc3 25. Ne3 b6 26. Rc1 Rxc1+ 27.
Rxc1 Nd4 28. Kh2 Nb3 29. Rc3 Nc5 30. Rc2 Kf7 31. Ng4 Ke6 32. Re2 e4 33. f3 Kf5
34. fxe4+ Nxe4 35. Ne3+ Ke5 36. g4 Rd3 1/2-1/2

[Event "Open Est 2015-2016"]
[Site "Aubagne"]
[Date "2015.01.16"]
[Round "6.11"]
[White "Roth, Fabio"]
[Black "Roche, Alain"]
[Result "0-1"]
[WhiteElo "1451"]
[BlackElo "1365"]
[PlyCount "110"]
[EventDate "2015.10.10"]
[WhiteTeam "Club Provence Echecs"]
[BlackTeam "Echiquier Marseillais 1872"]

1. e4 e6 2. Nf3 d5 3. exd5 exd5 4. d4 Be7 5. Bd3 Nf6 6. Bf4 O-O 7. Nbd2 Bb4 8.
O-O h6 9. h3 b6 10. a3 Bd6 11. Bh2 Bxh2+ 12. Nxh2 c5 13. c3 Ba6 14. Ndf3 Bxd3
15. Qxd3 Ne4 16. Rfe1 c4 17. Qc2 Re8 18. b3 b5 19. a4 b4 20. bxc4 bxc3 21. cxd5
Qxd5 22. Ne5 Nc6 23. Nxc6 Qxc6 24. Nf3 Rab8 25. Ne5 Rxe5 26. dxe5 Nd2 27. Ra3
Rc8 28. Rc1 Ne4 29. Kh1 Qc5 30. Ra2 Qxe5 31. Re1 Ng3+ 32. fxg3 Qxe1+ 33. Kh2
Rd8 34. Qe2 Qb1 35. Qc2 Qb4 36. Ra1 Qd4 37. Rc1 Rc8 38. Rd1 Qb4 39. Rb1 Qc5 40.
Rb5 Qc6 41. Rb1 g6 42. Rf1 Qd7 43. Rf3 Qc7 44. h4 Qe5 45. Kh3 Rc4 46. Qb3 Qe6+
47. g4 Qxg4+ 48. Kh2 Qxh4+ 49. Kg1 Qd4+ 50. Kh2 Kg7 51. Qb7 Qe5+ 52. Kg1 Rc7
53. Qb5 Qd4+ 54. Kh2 c2 55. Rd3 Qf4+ 0-1

[Event "Open Est 2015-2016"]
[Site "Aubagne"]
[Date "2015.01.16"]
[Round "6.12"]
[White "De Carvalho Massabo, Raphael"]
[Black "Gamblin, Vincent"]
[Result "0-1"]
[WhiteElo "1277"]
[BlackElo "1436"]
[PlyCount "66"]
[EventDate "2015.10.10"]
[WhiteTeam "Marseille Passion Echecs"]
[BlackTeam "Marseille Echecs"]

1. e4 c5 2. d4 cxd4 3. c3 Nf6 4. e5 Nd5 5. cxd4 e6 6. Bd2 Nc6 7. Nf3 Qb6 8. Bc1
Bb4+ 9. Ke2 Ba5 10. a3 Qb5+ 11. Qd3 Nf4+ 12. Bxf4 Qxb2+ 13. Nfd2 Nxd4+ 14. Kd1
Qxa1 15. Be3 Nc6 16. Nb3 Qxe5 17. N1d2 Bxd2 18. Qxd2 Qd5 19. Qxd5 exd5 20. Bd3
O-O 21. Bc5 Re8 22. f4 b6 23. Bf2 d6 24. f5 Ne5 25. Bc2 Nc4 26. g4 Ne3+ 27. Kd2
Nxc2 28. Bg3 Ne3 29. Kd3 Nxg4 30. Bxd6 Re3+ 31. Kc2 Bxf5+ 32. Kb2 Re2+ 33. Kc1
Rc2+ 0-1

[Event "Open Est 2015-2016"]
[Site "Aubagne"]
[Date "2015.01.16"]
[Round "6.13"]
[White "Autouard, Jean-Luc"]
[Black "Ulloa, Philippe"]
[Result "1-0"]
[WhiteElo "1412"]
[BlackElo "1331"]
[PlyCount "100"]
[EventDate "2015.10.10"]
[WhiteTeam "Cercle d'Echecs Aubagnais"]
[BlackTeam "Le Gambit Marseillais"]

1. e4 e5 2. Nf3 d6 3. c3 Bg4 4. d4 Be7 5. d5 Bxf3 6. Qxf3 h6 7. Bd3 Nf6 8. Qg3
Bf8 9. O-O a6 10. f4 Nbd7 11. f5 Nc5 12. Nd2 Nh5 13. Qg4 Nf6 14. Qf3 Nh7 15.
Bc4 Qh4 16. Qe2 O-O-O 17. b4 Na4 18. Nf3 Qh5 19. Qe3 Nb6 20. Be2 f6 21. Nxe5
Qe8 22. Ng6 Rg8 23. c4 Kb8 24. Rb1 Ng5 25. Bd3 Na4 26. Bc2 Nb6 27. Bb3 Qd7 28.
h4 Nf7 29. Ra1 Ne5 30. a4 Nbxc4 31. Qd4 c5 32. Qc3 Nb6 33. a5 Nc8 34. Ba4 Qc7
35. b5 Nxg6 36. fxg6 Ne7 37. h5 Qc8 38. bxa6 bxa6 39. Rb1+ Ka7 40. Rf4 Qc7 41.
Be3 Rc8 42. Qc4 Rb8 43. Rff1 Nc8 44. Rb3 Qxa5 45. Rxb8 Kxb8 46. Rb1+ Ka7 47.
Qb3 Nb6 48. Bc6 Be7 49. Qc2 Rb8 50. Bd2 Na4 1-0

[Event "Open Est 2015-2016"]
[Site "Aubagne"]
[Date "2015.01.16"]
[Round "6.14"]
[White "Cureau, Dominique"]
[Black "Bui, Christopher"]
[Result "1-0"]
[WhiteElo "1410"]
[BlackElo "1296"]
[PlyCount "101"]
[EventDate "2015.10.10"]
[WhiteTeam "Echiquier Marseillais 1872"]
[BlackTeam "Cercle d'Echecs Aubagnais"]

1. c4 e5 2. Nc3 Nf6 3. Nf3 d6 4. d3 Be7 5. g3 b6 6. Bg2 Bb7 7. O-O O-O 8. b3
Qc8 9. Bb2 Nc6 10. e3 Re8 11. d4 exd4 12. exd4 Nd8 13. d5 Nd7 14. Ne4 f5 15.
Qd4 Nf6 16. Neg5 h6 17. Nh3 c5 18. Qd3 Qd7 19. Nh4 Bc8 20. Rae1 Kf7 21. f4 Ng4
22. Nf3 Kg8 23. Nf2 Nxf2 24. Rxf2 Rf8 25. Rfe2 Rf7 26. Bh3 Bf8 27. Nh4 Qc7 28.
Nxf5 Bxf5 29. Bxf5 Nb7 30. Be6 Nd8 31. Bxf7+ Nxf7 32. Qg6 Qd7 33. Qe6 Qc7 34.
Qg4 Qc8 35. Qxc8 Rxc8 36. Re8 Rc7 37. Ra8 Rd7 38. Ree8 Kh7 39. Rxf8 Re7 40.
Rae8 Rb7 41. Rg8 Ng5 42. fxg5 hxg5 43. Rh8+ Kg6 44. Re6+ Kf5 45. Rh7 a5 46.
Rxg7 Rb8 47. Rf7+ Kg4 48. Kg2 Kh5 49. Kf3 g4+ 50. Kf4 Rg8 51. Rh7# 1-0

[Event "Open Est 2015-2016"]
[Site "Aubagne"]
[Date "2015.01.16"]
[Round "6.15"]
[White "Gutman, Leni"]
[Black "Periale, Albert"]
[Result "1-0"]
[WhiteElo "1407"]
[BlackElo "1275"]
[PlyCount "90"]
[EventDate "2015.10.10"]
[WhiteTeam "Marseille Echecs"]
[BlackTeam "Cercle d'Echecs Aubagnais"]

1. d4 d5 2. c4 e6 3. Nc3 Nf6 4. Nf3 c6 5. e3 Nbd7 6. Bd2 b6 7. Bd3 c5 8. O-O a6
9. Qa4 Bb7 10. Rac1 dxc4 11. Be2 b5 12. Qc2 Bd6 13. a4 Bc6 14. axb5 axb5 15.
Ra1 O-O 16. b3 b4 17. Rxa8 Qxa8 18. Nd1 cxb3 19. Qxb3 Rb8 20. Nb2 Nb6 21. Nc4
Bd5 22. Rb1 Ne4 23. Nxb6 Rxb6 24. Bc4 Nxd2 25. Nxd2 Bxg2 26. Rb2 Bh3 27. d5 Qc8
28. Ne4 exd5 29. Bxd5 Qg4+ 30. Ng3 Qg6 31. Ra2 Rb8 32. Ra7 Rf8 33. f4 h5 34.
Kf2 h4 35. Ne2 Be6 36. Ra6 Bxd5 37. Qxd5 Rd8 38. e4 Qe6 39. Qg5 Qf6 40. Qd5 g5
41. e5 Qe6 42. Qxe6 fxe6 43. Rxd6 Rxd6 44. exd6 Kf7 45. fxg5 Ke8 1-0